000 00625nam a2200277Ia 4500
005 20260324135734.0
008 008 260324s9999 xx 000 0 eng d
020 _a9781315191973
037 _aEBOOK
040 _aCRL
040 _beng
040 _cCRL
041 _2eng
041 _aeng
084 _qCRL
100 _aPaul Nash
_91201723
245 0 _aPositive About Inspection
260 _bTaylor and Francis
260 _c2000
365 _a
365 _b74.99
856 _uhttp://www.taylorfrancis.com/books/9781315191973
942 _cEBOOK
999 _c1803125
_d1803125